La travesía del salitre chileno: de la pampa a la tierra holandesa

I tiakina i:
Ngā taipitopito rārangi puna kōrero
Kaituhi matua: Steenhuis, Aafke (Author)
Hōputu: Pukapuka
Reo:Pāniora
I whakaputaina: Santiago Lom 2007
Rangatū:Historia
Ngā marau:
Ngā Tūtohu: Tāpirihia he Tūtohu
Kāore He Tūtohu, Me noho koe te mea tuatahi ki te tūtohu i tēnei pūkete!

MARC

LEADER 00000nam a2200000 a 4500
001 UCI6564
003 CL-VaPUC
008 080516e20070000CL |||||||||||||||||spa|d
020 |a 9789562829427 
082 0 4 |a 338.2764  |b STE  |2 21 
100 0 |a Steenhuis, Aafke  |e author  |9 529472 
245 1 3 |a La travesía del salitre chileno: de la pampa a la tierra holandesa 
300 |a 138 p 
942 |c BK 
945 |d 20080516 00:00:00  |a rbrito 
260 |a Santiago  |b Lom  |c 2007 
650 7 |a INDUSTRIA DEL SALITRE SIGLOS 19-20  |2 CL-VaPUC  |9 529473 
650 7 |a SALITRE HISTORIA SIGLOS 19-20  |2 CL-VaPUC  |9 529474 
650 0 |a Transporte marítimo  |9 260127 
651 7 |a CHILE  |2 CL-VaPUC  |9 529475 
651 0 |a Holanda  |9 267234 
583 |a last modification  |c 20080516 00:00:00  |k Rodrigo Vera 
490 0 |a Historia 
999 |c 330029  |d 330027 
952 |0 0  |1 0  |4 0  |6 338_276400000000000_STE_2007  |7 0  |8 A  |9 415304  |a BIBHIS  |b BIBHIS  |d 2019-11-22  |i 4439597  |o 338.2764 STE 2007  |p 4439597  |r 2025-01-20  |w 2019-11-22  |y BK  |k HIS